| 000 | 00858nam a2200241Ia 4500 | ||
|---|---|---|---|
| 001 | 9738 | ||
| 003 | GE_BSU | ||
| 008 | 181216s||||||||xx |||||||||||||| ||und|| | ||
| 040 | _cGE_BSU | ||
| 080 | _a821.353.1-1+821.353.1-11 | ||
| 100 | _aნიშნიანიძე,შოთა | ||
| 245 | _aთხზულებანი ორ ტომად.ტ.1. | ||
| 245 | _bლექსები,პოემა. | ||
| 245 | _cწინასიტყვ.ავტ.ჯ.ღვინჯილია;რედ:თ.დაუშვილი. | ||
| 260 | _aთბილისი. | ||
| 260 | _bსაქართველო. | ||
| 260 | _c1990. | ||
| 300 | _a413გვ;20სმ | ||
| 300 | _b1ფ.პორტრ. | ||
| 653 | _aთხზულებანი ორ ტომად | ||
| 653 | _aტ.1.ლექსები,პოემა. | ||
| 942 | _cBK | ||
| 999 |
_c43019 _d43019 |
||